|
|
|
|
| LEADER |
01086nam a2200337 4500 |
| 001 |
ELB35156 |
| 003 |
FlNmELB |
| 006 |
m o d | |
| 007 |
cr cn||||||||| |
| 008 |
201109r2003 es |||||s|||||||||||spa d |
| 020 |
|
|
|z 1413585280
|
| 035 |
|
|
|a (MiAaPQ)EBC3161529
|
| 035 |
|
|
|a (Au-PeEL)EBL3161529
|
| 035 |
|
|
|a (CaPaEBR)ebr10088781
|
| 035 |
|
|
|a (OCoLC)928544151
|
| 040 |
|
|
|a FlNmELB
|b spa
|c FlNmELB
|
| 050 |
|
4 |
|a QR351
|b A257 2003
|
| 080 |
|
|
|a 632.7
|
| 082 |
0 |
4 |
|a 630
|2 22
|
| 245 |
0 |
0 |
|a Afidos asociados al cultivo de citricos en El Salvador
|h [recurso electronico].
|
| 260 |
|
|
|a San Salvador :
|b OIRSA,
|c 2003.
|
| 300 |
|
|
|a 3-48 p.
|
| 533 |
|
|
|a Recurso electrónico. Santa Fe, Arg.: e-libro, 2015. Disponible vía World Wide Web. El acceso puede estar limitado para las bibliotecas afiliadas a e-libro.
|
| 650 |
|
0 |
|a Insectos.
|
| 650 |
|
0 |
|a Plagas.
|
| 650 |
|
0 |
|a Plantas.
|
| 650 |
|
0 |
|a Fitopatología.
|
| 650 |
|
0 |
|a Phytopathogenic bacteria.
|
| 655 |
|
4 |
|a Libros electrónicos.
|
| 710 |
2 |
|
|a e-libro, Corp.
|
| 856 |
4 |
0 |
|u https://elibro.net/ereader/uninicaragua/35156
|